[Event "?"]
[Site "?"]
[Date "2011.07.09"]
[Round "1.38"]
[White "Deutschbein, Christopher"]
[Black "Voigt, Gerrit"]
[Result "0-1"]
[WhiteElo "1927"]
[BlackElo "2142"]
[PlyCount "102"]
[EventDate "2011.??.??"]
[WhiteTeam "Bille SC von 1924 e.V."]
[BlackTeam "SK Union Eimsbuettel eV"]

1. e4 c5 2. Nc3 Nc6 3. f4 g6 4. Nf3 Bg7 5. Bc4 e6 6. O-O Nge7 7. f5 Nd4 8. fxe6
dxe6 9. d3 Nec6 10. Be3 O-O 11. Qd2 Nxf3+ 12. Rxf3 Ne5 13. Rh3 Nxc4 14. dxc4
Qxd2 15. Bxd2 b6 16. Rd3 Ba6 17. b3 Rfd8 18. Rd1 Rxd3 19. cxd3 Rd8 20. Be1 Bb7
21. a3 Bxc3 22. Bxc3 Bxe4 23. d4 Bc2 24. Rd2 Bxb3 25. dxc5 Rxd2 26. Bxd2 bxc5
27. Be3 Bxc4 28. Bxc5 a6 29. Kf2 f6 30. Ke3 e5 31. Bb4 Kf7 32. Bc3 Ke6 33. a4
Kd5 34. h4 f5 35. g3 h6 36. Bd2 g5 37. hxg5 hxg5 38. Kf3 Bb3 39. Bxg5 Bxa4 40.
Ke3 Bd1 41. Bd8 Kc4 42. Kd2 Bh5 43. Kc2 e4 44. Bg5 a5 45. Bh6 a4 46. Bg5 a3 47.
Bc1 a2 48. Kb2 Kd3 49. Kxa2 e3 50. Ba3 e2 51. Bb4 Kc2 0-1

[Event "?"]
[Site "?"]
[Date "2011.07.09"]
[Round "1.39"]
[White "Borgmeyer, Max"]
[Black "Kramer, Julian"]
[Result "0-1"]
[WhiteElo "2140"]
[BlackElo "1926"]
[PlyCount "64"]
[EventDate "2011.??.??"]
[WhiteTeam "Koenigsspr.SC.1984 e.V."]
[BlackTeam "Hamburger SK von 1830 eV"]

1. e4 c5 2. Nf3 d6 3. d4 cxd4 4. Nxd4 Nf6 5. Nc3 a6 6. Be3 e5 7. Nb3 Be6 8. f3
Be7 9. Qd2 O-O 10. O-O-O a5 11. Kb1 Na6 12. g4 Nc7 13. Qf2 b5 14. Bb6 a4 15.
Na5 Qd7 16. g5 Nh5 17. Nd5 Bxd5 18. exd5 Nf4 19. Bxc7 Qxc7 20. Nc6 Nxd5 21.
Bxb5 Nf4 22. h4 Rfc8 23. Qd2 Bf8 24. c4 Qb7 25. Nb4 d5 26. Nd3 dxc4 27. Nxe5 c3
28. Qxf4 c2+ 29. Ka1 cxd1=Q+ 30. Rxd1 Qxb5 31. g6 fxg6 32. h5 Rab8 0-1

[Event "?"]
[Site "?"]
[Date "2011.07.09"]
[Round "1.40"]
[White "Knaak, Michael"]
[Black "Hawranke, Dietrich"]
[Result "0-1"]
[WhiteElo "1919"]
[BlackElo "2139"]
[PlyCount "56"]
[EventDate "2011.??.??"]
[WhiteTeam "FC ST.Pauli 1910 eV SAbt"]
[BlackTeam "Pinneberger SC 1932 eV"]

1. e4 c5 2. f4 Nc6 3. Nc3 g6 4. Nf3 Bg7 5. Bc4 e6 6. O-O Nge7 7. Qe1 O-O 8. f5
d5 9. fxg6 dxc4 10. gxh7+ Kh8 11. d3 cxd3 12. e5 Nxe5 13. Nxe5 Qd4+ 14. Kh1
Qxe5 15. Qf2 b6 16. Bf4 Qd4 17. Be3 Qg4 18. h3 Qh5 19. Ne4 Bb7 20. Ng5 Nd5 21.
cxd3 Nxe3 22. Qxe3 Rad8 23. Kh2 Rd5 24. Ne4 Be5+ 25. Kh1 Rfd8 26. Nf6 Bxf6 27.
Rxf6 Rxd3 28. Qf4 Qxh3+ 0-1

[Event "?"]
[Site "?"]
[Date "2011.07.09"]
[Round "1.41"]
[White "Magnussen, Helge"]
[Black "Ditmas, Hugh"]
[Result "0-1"]
[WhiteElo "2137"]
[BlackElo "1912"]
[PlyCount "128"]
[EventDate "2011.??.??"]
[WhiteTeam "SC Wrist-Kellinghusen von 1979"]
[BlackTeam "Bremer SG von 1877"]

1. d4 Nf6 2. c4 e6 3. Nc3 Bb4 4. e3 O-O 5. Nge2 d5 6. a3 Bd6 7. cxd5 exd5 8. g3
c6 9. Bg2 Bf5 10. O-O Nbd7 11. f3 Re8 12. g4 Bxg4 13. fxg4 Nxg4 14. h3 Nxe3 15.
Bxe3 Rxe3 16. Qd2 Qe7 17. Nf4 Nf6 18. Nd1 Bxf4 19. Rxf4 Re1+ 20. Rf1 Rxf1+ 21.
Kxf1 Re8 22. Nf2 Nh5 23. Bf3 Ng3+ 24. Kg1 Qe3 25. Qxe3 Rxe3 26. Bg2 Ne2+ 27.
Kf1 Ng3+ 28. Kg1 Ne2+ 29. Kh2 Nxd4 30. Rd1 Ne6 31. Kg1 Kf8 32. Nd3 Ke7 33. Kf2
d4 34. Nb4 Rb3 35. Rd2 a5 36. Nd3 Kd6 37. Bf3 Rb5 38. Bg4 c5 39. Kf3 c4 40.
Bxe6 fxe6 41. Nf2 Kd5 42. Kf4 e5+ 43. Kf5 Rb3 44. Re2 Rf3+ 45. Kg4 Rf4+ 46. Kg3
d3 47. Re1 Kd4 48. Ng4 Re4 49. Rxe4+ Kxe4 50. Kf2 b5 51. Ne3 Kd4 52. Nf5+ Kc5
53. Ke3 g6 54. Ne7 b4 55. axb4+ axb4 56. Kd2 e4 57. h4 h6 58. Nxg6 Kd4 59. Nf4
c3+ 60. bxc3+ bxc3+ 61. Kd1 e3 62. Ne6+ Kc4 63. Nf4 e2+ 64. Ke1 c2 0-1

[Event "?"]
[Site "?"]
[Date "2011.07.09"]
[Round "1.42"]
[White "Bücker, Timo"]
[Black "Franke, Lutz"]
[Result "0-1"]
[WhiteElo "1905"]
[BlackElo "2123"]
[PlyCount "88"]
[EventDate "2011.??.??"]
[WhiteTeam "Barmstedter MTV"]
[BlackTeam "SK Union Eimsbuettel eV"]

1. d4 Nf6 2. Nf3 g6 3. Nc3 d5 4. Bf4 Bg7 5. e3 O-O 6. Be2 b6 7. Ne5 Bb7 8. h4
Ne4 9. h5 f6 10. hxg6 fxe5 11. gxh7+ Kh8 12. Nxe4 exf4 13. Ng5 Qd6 14. Qd2 fxe3
15. Qxe3 Qf4 16. Ne6 Qxe3 17. fxe3 Nd7 18. Nxf8 Rxf8 19. O-O-O e5 20. Bg4 Nf6
21. Bf5 exd4 22. exd4 Ne4 23. Bxe4 dxe4 24. d5 Rf2 25. d6 cxd6 26. Rxd6 e3 27.
Rd7 Bxg2 28. Rd8+ Rf8 29. Rxf8+ Bxf8 30. Rg1 Bh6 31. Kd1 Bf3+ 32. Ke1 Bf4 33.
c4 Kxh7 34. b4 Kh6 35. Rg8 Kh5 36. a4 Kh4 37. Re8 Kg4 38. a5 bxa5 39. bxa5 Bg3+
40. Kf1 Kf4 41. c5 e2+ 42. Rxe2 Bxe2+ 43. Kxe2 Ke4 44. Kd2 Kd5 0-1

[Event "?"]
[Site "?"]
[Date "2011.07.09"]
[Round "1.45"]
[White "Faika, Michael"]
[Black "Raider, Eugen"]
[Result "1-0"]
[WhiteElo "2117"]
[BlackElo "1899"]
[PlyCount "64"]
[EventDate "2011.??.??"]
[WhiteTeam "Hamburger SK von 1830 eV"]
[BlackTeam "Koenigsspr.SC.1984 e.V."]

1. e4 c5 2. Nf3 e6 3. d4 cxd4 4. c3 dxc3 5. Nxc3 Nc6 6. Bc4 Qc7 7. Qe2 a6 8.
O-O Nf6 9. Rd1 Ng4 10. h3 h5 11. Nd5 exd5 12. exd5+ Kd8 13. dxc6 bxc6 14. hxg4
f6 15. Bf7 Bc5 16. gxh5 d5 17. Bg6 Bg4 18. Be3 Bd6 19. Rac1 Bxh5 20. Bxh5 Rxh5
21. Nd4 Qf7 22. Nxc6+ Kd7 23. Qg4+ f5 24. Qa4 Rah8 25. Kf1 Ke6 26. Nd4+ Ke7 27.
Nf3 f4 28. Bc5 Rh1+ 29. Ng1 f3 30. Bxd6+ Kxd6 31. Qc6+ Ke5 32. Rxd5+ Qxd5 1-0

[Event "?"]
[Site "?"]
[Date "2011.07.09"]
[Round "1.46"]
[White "Hinrichs, Lars"]
[Black "Bildat, Jürgen"]
[Result "1-0"]
[WhiteElo "1894"]
[BlackElo "2106"]
[PlyCount "67"]
[EventDate "2011.??.??"]
[WhiteTeam "Hamburger SK von 1830 eV"]
[BlackTeam "Hamburger SK von 1830 eV"]

1. e4 c5 2. Nf3 d6 3. d4 cxd4 4. Nxd4 Nf6 5. Nc3 a6 6. h3 e6 7. g4 b5 8. Bg2
Bb7 9. O-O Qc7 10. g5 Nfd7 11. Qe2 Be7 12. Be3 O-O 13. Rad1 Nc5 14. a3 Nbd7 15.
f4 Nb6 16. f5 e5 17. Nb3 Rfd8 18. Qh5 g6 19. Qg4 Nc4 20. Bc1 Nxa3 21. bxa3 Nxb3
22. cxb3 Qxc3 23. h4 Qxb3 24. h5 Rac8 25. hxg6 hxg6 26. fxg6 fxg6 27. Qh4 Rxc1
28. Rxc1 Qe3+ 29. Kh1 Bxg5 30. Qg4 Rf8 31. Qe6+ Kh7 32. Rc7+ Kh6 33. Rxf8 Bxe4
34. Rh8# 1-0

[Event "?"]
[Site "?"]
[Date "2011.07.09"]
[Round "1.47"]
[White "Steingräber, Kai-Uwe"]
[Black "Grötzbach, Julian"]
[Result "1-0"]
[WhiteElo "2104"]
[BlackElo "1884"]
[PlyCount "67"]
[EventDate "2011.??.??"]
[WhiteTeam "Delmenhorster SK V 1931"]
[BlackTeam "Hamburger SK von 1830 eV"]

1. e4 c5 2. Nf3 d6 3. d4 cxd4 4. Nxd4 Nf6 5. Nc3 a6 6. Bg5 Nbd7 7. f4 Qc7 8.
Qf3 h6 9. Bh4 g5 10. fxg5 hxg5 11. Bxg5 Qc5 12. Be3 Ne5 13. Qe2 Neg4 14. Bg1
Bh6 15. Nb3 Qg5 16. h3 Qh4+ 17. Bf2 Nxf2 18. Qxf2 Qg5 19. Nd2 Ng4 20. hxg4
Qxd2+ 21. Qxd2 Bxd2+ 22. Kxd2 Rxh1 23. Bb5+ axb5 24. Rxh1 Kd7 25. a3 Kc6 26.
Rh8 b6 27. Nd5 e6 28. Nf6 Bb7 29. Rh7 Rf8 30. g5 d5 31. e5 Bc8 32. Ke3 Kc5 33.
g6 d4+ 34. Kd3 1-0

[Event "?"]
[Site "?"]
[Date "2011.07.09"]
[Round "1.48"]
[White "Seidel, Mika"]
[Black "Hedden, Helge"]
[Result "0-1"]
[WhiteElo "1866"]
[BlackElo "2100"]
[PlyCount "64"]
[EventDate "2011.??.??"]
[WhiteTeam "SK Johanneum Eppendorf"]
[BlackTeam "Hamburger SK von 1830 eV"]

1. c4 e5 2. Nc3 Nf6 3. Nf3 Nc6 4. a3 g6 5. d4 exd4 6. Nxd4 Bg7 7. g3 O-O 8. Bg2
Nxd4 9. Qxd4 d6 10. O-O Nd7 11. Qd2 a5 12. b3 Nc5 13. Qc2 Bf5 14. e4 Nxe4 15.
Bxe4 Bxe4 16. Nxe4 Bxa1 17. Bg5 f6 18. Bh6 Be5 19. Qd2 d5 20. Bxf8 dxe4 21.
Qxd8 Rxd8 22. Bh6 Rd3 23. Rb1 Kf7 24. Be3 Ke6 25. Kf1 Bd4 26. Bf4 c6 27. Ke2 g5
28. Bd2 b6 29. Bc1 h6 30. b4 a4 31. f4 Rb3 32. Rxb3 axb3 0-1

[Event "?"]
[Site "?"]
[Date "2011.07.09"]
[Round "1.49"]
[White "Maahs, Erich"]
[Black "Schröder, Kai Uwe"]
[Result "0-1"]
[WhiteElo "2098"]
[BlackElo "1859"]
[PlyCount "93"]
[EventDate "2011.??.??"]
[WhiteTeam "SC Concordia SAbt Palame"]
[BlackTeam "SK Wilhelmsburg 1936 eV"]

1. e4 e6 2. d3 d5 3. Nd2 Nf6 4. Ngf3 c5 5. g3 b6 6. Bg2 Bb7 7. e5 Nfd7 8. O-O
Nc6 9. Re1 Qc7 10. Qe2 a5 11. c4 Nb4 12. Nf1 g6 13. a3 Na6 14. h4 Bg7 15. Bf4
h5 16. cxd5 Bxd5 17. Ne3 Bb7 18. Nc4 Bf8 19. Ng5 Bxg2 20. Kxg2 Qc6+ 21. f3 Nc7
22. Ne4 Nb5 23. Qf2 Be7 24. a4 Nd4 25. Bg5 Bxg5 26. hxg5 Nb8 27. Rac1 Na6 28.
Ncd6+ Kd7 29. Nf6+ Kc7 30. Rc4 Nb4 31. Rxd4 cxd4 32. Qd2 Qxa4 33. Rc1+ Kb8 34.
Rc4 Ka7 35. Rc7+ Ka6 36. Nfe4 Ra7 37. Rc4 Qb3 38. Nf2 Rd8 39. Rxd4 Rc7 40. Rc4
Rdd7 41. Qe2 Nd5 42. Nd1 Rxc4 43. Nxc4 b5 44. Nf2 bxc4 45. Ne4 Rc7 46. dxc4
Qxc4 47. Qe1 0-1

[Event "?"]
[Site "?"]
[Date "2011.07.09"]
[Round "1.50"]
[White "Baberz, Alexander"]
[Black "Gollasch, Theo-Heinz"]
[Result "0-1"]
[WhiteElo "1854"]
[BlackElo "2096"]
[PlyCount "119"]
[EventDate "2011.??.??"]
[WhiteTeam "Hamburger SK von 1830 eV"]
[BlackTeam "Hamburger SK von 1830 eV"]

1. d4 d5 2. c4 e6 3. Nc3 Nf6 4. Nf3 b6 5. Bg5 Be7 6. e3 O-O 7. Rc1 Bb7 8. cxd5
exd5 9. Bd3 Ne4 10. Bxe7 Qxe7 11. O-O Nd7 12. Bb1 Rad8 13. Nb5 Ba6 14. Qa4 Bxb5
15. Qxb5 c5 16. Qa6 Nb8 17. Qa3 Rc8 18. Bxe4 dxe4 19. Nd2 Rc7 20. dxc5 bxc5 21.
Rc4 f5 22. Rfc1 Nd7 23. Qa5 Rb7 24. Nb3 Qe5 25. Qc3 Qxc3 26. R4xc3 g6 27. R3c2
Rc8 28. h3 Rbc7 29. Rc4 Kf7 30. Kf1 Ke6 31. Ke2 Kd5 32. R4c2 Ne5 33. Rd1+ Nd3
34. Nc1 c4 35. b3 cxb3 36. Rxc7 Rxc7 37. Nxd3 Rc2+ 38. Ke1 exd3 39. Rxd3+ Kc4
40. Rxb3 Rxa2 41. Rb8 a5 42. Rc8+ Kd3 43. Rd8+ Kc3 44. Rc8+ Kb3 45. Rb8+ Kc2
46. Rc8+ Kb1 47. Rb8+ Rb2 48. Ra8 Rb5 49. Kd2 Kb2 50. Rc8 Rd5+ 51. Ke2 a4 52.
Rb8+ Kc3 53. Rc8+ Kb4 54. Rb8+ Rb5 55. Rxb5+ Kxb5 56. Kd2 Kc4 57. Kc2 h5 58. h4
a3 59. f3 a2 60. Kb2 0-1

[Event "?"]
[Site "?"]
[Date "2011.07.09"]
[Round "1.51"]
[White "Frey, Alisa"]
[Black "Richter, Thomas"]
[Result "1-0"]
[WhiteElo "2095"]
[BlackElo "1842"]
[PlyCount "69"]
[EventDate "2011.??.??"]
[WhiteTeam "SC Eppingen"]
[BlackTeam "Barmbeker SK 1926 eV"]

1. e4 c5 2. Nf3 b6 3. c4 Bb7 4. Nc3 a6 5. d4 cxd4 6. Nxd4 Qc7 7. Be2 g6 8. Nd5
Bxd5 9. cxd5 Nf6 10. f3 Bg7 11. Be3 O-O 12. Rc1 Qb7 13. O-O d6 14. Qc2 Nbd7 15.
Nc6 Rfe8 16. Rfd1 Kf8 17. b4 Rec8 18. Qd3 Ne8 19. f4 Nc7 20. Bg4 Ke8 21. e5 f5
22. exd6 exd6 23. Bf3 Kf7 24. Re1 Re8 25. Bf2 Nf6 26. Rc2 Rxe1+ 27. Bxe1 Re8
28. Re2 Rxe2 29. Qxe2 Qc8 {(=)} 30. Qe7+ Kg8 31. Qxd6 Qe8 32. Ne7+ Kf7 33. Qxc7
Qxe7 34. d6 Qd7 35. Bc6 1-0

[Event "?"]
[Site "?"]
[Date "2011.07.09"]
[Round "1.53"]
[White "Johannsen, Dennis"]
[Black "Manthey, Jürgen"]
[Result "0-1"]
[WhiteElo "2083"]
[BlackElo "1830"]
[PlyCount "154"]
[EventDate "2011.??.??"]
[WhiteTeam "SK Johanneum Eppendorf"]
[BlackTeam "SC Wrist-Kellinghusen von 1979"]

1. Nf3 c5 2. c4 Nc6 3. Nc3 g6 4. d4 cxd4 5. Nxd4 Bg7 6. Nc2 d6 7. Qd2 Nf6 8. e4
O-O 9. Rb1 b6 10. Ne3 Qd7 11. g3 Bb7 12. Bg2 Rad8 13. O-O Qc8 14. b3 Rfe8 15.
Bb2 Ne5 16. Rfc1 Nfg4 17. Ncd5 Nxe3 18. Qxe3 e6 19. Nc3 Ng4 20. Qe2 h5 21. Rd1
d5 22. cxd5 exd5 23. Nb5 Bxb2 24. Rxb2 Ba6 25. h3 Qc5 26. hxg4 Bxb5 27. Qd2
dxe4 28. Qxd8 Rxd8 29. Rxd8+ Kg7 30. Kh2 Bd3 31. Rd2 Qc1 32. R2xd3 exd3 33.
Rxd3 hxg4 34. Rd7 Qb2 35. Kg1 Qxa2 36. Bd5 Qb1+ 37. Kg2 Qf5 38. Bc6 a5 39. Rb7
Qc5 40. Be4 b5 41. Rd7 Qc8 42. Ra7 Qe6 43. f3 Qxb3 44. Rxa5 Qb2+ 45. Kf1 Qc1+
46. Ke2 gxf3+ 47. Bxf3 Qc4+ 48. Kf2 Qc2+ 49. Be2 b4 50. Rb5 b3 51. Ke3 b2 52.
Bd3 Qg2 53. g4 Qxg4 54. Rxb2 Qg3+ 55. Kd4 Qd6+ 56. Kc3 Qe5+ 57. Kc2 f5 58. Rb5
Qe7 59. Kc3 Kh6 60. Kd4 Qd6+ 61. Rd5 Qf4+ 62. Kc5 Kh5 63. Rd4 Qe5+ 64. Kc4 g5
65. Rd5 Qc7+ 66. Kd4 Qf4+ 67. Kc5 Qe3+ 68. Kc4 f4 69. Bf5 Kh4 70. Rd3 Qe2 71.
Kd4 g4 72. Rc3 Qb2 73. Kd3 f3 74. Rc2 Qxc2+ 75. Kxc2 g3 76. Be4 Kg4 77. Kd2 g2
0-1

[Event "?"]
[Site "?"]
[Date "2011.07.09"]
[Round "1.54"]
[White "Raum, Norbert"]
[Black "Kessler, Bernd"]
[Result "1/2-1/2"]
[WhiteElo "1809"]
[BlackElo "2082"]
[PlyCount "124"]
[EventDate "2011.??.??"]
[WhiteTeam "Schwarzenbeker SK"]
[BlackTeam "FC ST.Pauli 1910 eV SAbt"]

1. d4 Nf6 2. Bg5 Ne4 3. Bh4 c5 4. Nd2 Nxd2 5. Qxd2 cxd4 6. Nf3 Nc6 7. Nxd4 Qb6
8. Nb3 g6 9. Qc3 Qb4 10. Qxb4 Nxb4 11. Kd1 d6 12. c3 Nc6 13. e3 Bd7 14. Nd4 Rc8
15. Bb5 a6 16. Nxc6 axb5 17. Nb4 h6 18. f3 g5 19. Bf2 e6 20. e4 Bg7 21. Ke2 f5
22. exf5 O-O 23. Rhd1 Be5 24. Bd4 Rxf5 25. g4 Bxd4 26. Rxd4 Re5+ 27. Kf2 Bc6
28. Nxc6 Rxc6 29. Rad1 d5 30. Rb4 Rc5 31. Rdd4 Kf8 32. a4 bxa4 33. Rxb7 Ra5 34.
Rdb4 a3 35. Rc7 Ra8 36. bxa3 d4 37. Rxd4 Rd5 38. Rxd5 exd5 39. Ke3 Rxa3 40. Kd4
Ra4+ 41. Kxd5 Rf4 42. c4 Rxf3 43. Rh7 Rh3 44. Kd6 Rxh2 45. c5 Rd2+ 46. Kc7 Rd4
47. c6 Rxg4 48. Kd8 Kg8 49. Rxh6 Rd4+ 50. Kc8 Kg7 51. Rh5 Kg6 52. Rh8 g4 53. c7
Kg5 54. Rd8 Rc4 55. Kd7 g3 56. c8=Q Rxc8 57. Rxc8 Kf4 58. Ke6 g2 59. Rc1 Kg3
60. Kf5 Kh2 61. Rc2 Kh1 62. Rc1+ g1=Q 1/2-1/2

[Event "?"]
[Site "?"]
[Date "2011.07.09"]
[Round "1.56"]
[White "Knauer, Frank"]
[Black "Kambor, Joachim"]
[Result "0-1"]
[WhiteElo "1802"]
[BlackElo "2077"]
[PlyCount "96"]
[EventDate "2011.??.??"]
[WhiteTeam "FC ST.Pauli 1910 eV SAbt"]

1. Nf3 Nf6 2. d3 d5 3. g3 g6 4. Bg2 Bg7 5. c4 c6 6. Nbd2 O-O 7. O-O Nbd7 8.
cxd5 cxd5 9. e4 Qc7 10. Qe2 e5 11. Nb3 b6 12. Bg5 Bb7 13. Rac1 Qd6 14. Rfd1
Rac8 15. Nh4 Rfe8 16. Rxc8 Rxc8 17. h3 h6 18. Be3 Qc7 19. Qd2 Kh7 20. f3 Nh5
21. Qf2 d4 22. Bc1 Bf6 23. f4 exf4 24. Bxf4 Nxf4 25. Qxf4 Qe5 26. Qxe5 Bxe5 27.
Kf2 Nc5 28. Nxc5 Rxc5 29. Rd2 Ba6 30. Nf3 f6 31. Bf1 Kg7 32. Be2 Bc8 33. Ne1
Bxh3 34. Rc2 Be6 35. a3 h5 36. Rxc5 bxc5 37. Ng2 Kh6 38. Nf4 Bxf4 39. gxf4 Bb3
40. Kg3 Bc2 41. e5 fxe5 42. fxe5 Kg5 43. e6 Kf6 44. Kf4 Kxe6 45. Kg5 c4 46.
dxc4 d3 47. Bf3 d2 48. b4 d1=Q 0-1

[Event "?"]
[Site "?"]
[Date "2011.07.09"]
[Round "1.57"]
[White "Martin-Sommerfeldt, Luis"]
[Black "Onken, Alexej"]
[Result "1-0"]
[WhiteElo "2077"]
[BlackElo "1764"]
[PlyCount "57"]
[EventDate "2011.??.??"]
[WhiteTeam "FC ST.Pauli 1910 eV SAbt"]
[BlackTeam "SK Johanneum Eppendorf"]

1. Nf3 e6 2. b3 d5 3. Bb2 f5 4. e3 Nf6 5. d4 c6 6. Bd3 Be7 7. Nbd2 O-O 8. Qe2
Bd7 9. Ne5 Be8 10. O-O Bh5 11. f3 Nbd7 12. Nxd7 Qxd7 13. h3 Bd6 14. g4 Bg6 15.
Qe1 Rae8 16. g5 Nh5 17. f4 h6 18. h4 hxg5 19. hxg5 Kf7 20. Be2 Rh8 21. Kg2 Rh7
22. Rh1 Reh8 23. Qf2 Qc7 24. Bxh5 Bxh5 25. c4 Bb4 26. Nf3 Be7 27. g6+ Bxg6 28.
Ne5+ Kf6 29. Qg3 1-0

[Event "?"]
[Site "?"]
[Date "2011.07.09"]
[Round "1.1"]
[White "Reher, Wolfgang"]
[Black "Rulfs, Ernst-August"]
[Result "1-0"]
[WhiteElo "1875"]
[BlackElo "1628"]
[PlyCount "53"]
[EventDate "2011.??.??"]
[WhiteTeam "Verein Segeberger SF"]
[BlackTeam "SK Marmstorf GW Harburg"]

1. e4 e6 2. d4 d5 3. e5 c5 4. c3 Nc6 5. Nf3 Qb6 6. Be2 Bd7 7. O-O Nge7 8. dxc5
Qxc5 9. b4 Qb6 10. b5 Na5 11. a4 Nf5 12. Nd4 Nxd4 13. cxd4 Be7 14. Be3 O-O 15.
Nd2 Rac8 16. Bd3 f5 17. exf6 Bxf6 18. Qh5 h6 19. Qg4 Rf7 20. Qg6 Bxd4 21. Rae1
Bxe3 22. Rxe3 Nc4 23. Nxc4 dxc4 24. Qh7+ Kf8 25. Bg6 Rf6 26. Qh8+ Ke7 27. Qxg7+
1-0

[Event "?"]
[Site "?"]
[Date "2011.07.09"]
[Round "1.2"]
[White "Lange, Anika"]
[Black "Rohde, Patrick"]
[Result "0-1"]
[WhiteElo "1627"]
[BlackElo "1865"]
[PlyCount "50"]
[EventDate "2011.??.??"]
[WhiteTeam "SK Delmenhorst"]
[BlackTeam "Elmshorner SC von 1896"]

1. d4 Nf6 2. Nf3 g6 3. e3 Bg7 4. b4 O-O 5. c4 d6 6. Bb2 Nbd7 7. Qb3 Re8 8. Be2
e5 9. dxe5 Nxe5 10. Nxe5 dxe5 11. O-O Ne4 12. Rd1 Qh4 13. Rf1 Be6 14. f3 Nd6
15. e4 f5 16. exf5 Nxf5 17. Nd2 Nd4 18. Qd1 Rad8 19. Rc1 Bh6 20. Bc3 Be3+ 21.
Kh1 Bf4 22. h3 Qg3 23. Kg1 Bxh3 24. Rf2 Qh2+ 25. Kf1 Qh1# 0-1

[Event "?"]
[Site "?"]
[Date "2011.07.09"]
[Round "1.3"]
[White "Vokroj, Gabriela"]
[Black "Rockel, Marcus"]
[Result "0-1"]
[WhiteElo "1855"]
[BlackElo "1622"]
[PlyCount "68"]
[EventDate "2011.??.??"]
[WhiteTeam "Austria Wien"]
[BlackTeam "Hamburger SK von 1830 eV"]

1. Nf3 d5 2. g3 Nf6 3. Bg2 c6 4. d3 Bg4 5. Ne5 Bh5 6. h3 Nbd7 7. Bf4 e6 8. Nd2
Bc5 9. Ndf3 O-O 10. g4 Nxe5 11. Nxe5 Bg6 12. h4 h6 13. Nxg6 fxg6 14. e3 d4 15.
O-O Nd5 16. exd4 Bxd4 17. Bg3 Bxb2 18. Bxd5 Qxd5 19. Rb1 Qxa2 20. Qe2 Bd4 21.
Rxb7 Rf6 22. Qe4 Qd5 23. Qe1 Qf3 24. Kh2 Qxg4 25. Qb4 c5 26. Rxg7+ Kxg7 27.
Qb7+ Rf7 28. Qxa8 Qe2 29. Kg2 Qxc2 30. Qe4 Qb3 31. h5 Qd5 32. hxg6 Qxe4+ 33.
dxe4 Kxg6 34. f4 a5 0-1

[Event "?"]
[Site "?"]
[Date "2011.07.09"]
[Round "1.4"]
[White "Bauer, Matthias"]
[Black "Marquardt, Rolf"]
[Result "1/2-1/2"]
[WhiteElo "1621"]
[BlackElo "1851"]
[PlyCount "71"]
[EventDate "2011.??.??"]
[WhiteTeam "Schachverein Günnigfeld 1922 e.V"]
[BlackTeam "Langenhorner SF 1928"]

1. d4 d5 2. Nf3 c6 3. c3 Bf5 4. e3 Nd7 5. Bd3 Bxd3 6. Qxd3 Ngf6 7. Nbd2 e6 8.
O-O Qc7 9. e4 dxe4 10. Nxe4 Nxe4 11. Qxe4 Nf6 12. Qe2 Be7 13. Bg5 O-O 14. Rfe1
h6 15. Bh4 Rad8 16. Bg3 Qa5 17. Qe5 Qb6 18. Qe2 Bd6 19. Bxd6 Rxd6 20. Ne5 Qc7
21. Ng4 Qd8 22. Nxf6+ Qxf6 23. Qe5 Qe7 24. Qg3 Rd5 25. Re5 Rfd8 26. Rae1 a6 27.
f4 c5 28. Qf3 Rxe5 29. dxe5 Rd2 30. Re2 Qd7 31. Qe3 Rd1+ 32. Kf2 Qd5 33. Qe4
Rd2 34. Qxd5 Rxe2+ 35. Kxe2 exd5 36. g4 1/2-1/2

[Event "?"]
[Site "?"]
[Date "2011.07.09"]
[Round "1.5"]
[White "Kaduszkiewicz, Martin"]
[Black "Weidmann, Kevin"]
[Result "1-0"]
[WhiteElo "1841"]
[BlackElo "1617"]
[PlyCount "121"]
[EventDate "2011.??.??"]
[WhiteTeam "Kieler SG von 1884 / Meerbauer"]
[BlackTeam "Hamburger SK von 1830 eV"]

1. c4 g6 2. g3 Bg7 3. Bg2 c5 4. e3 Nc6 5. Ne2 e6 6. Nbc3 Nge7 7. d4 O-O 8. O-O
d6 9. Rb1 f5 10. d5 Na5 11. Qd3 e5 12. e4 b6 13. f4 Nb7 14. h3 Bd7 15. Be3 Qc8
16. Kh2 Nd8 17. fxe5 Bxe5 18. Bf4 Nf7 19. Rbe1 g5 20. Bc1 h6 21. exf5 Bxf5 22.
Ne4 Nh8 23. Ng1 Nhg6 24. Nf3 Rf7 25. Nxe5 Nxe5 26. Qe2 Qd7 27. Nxd6 Qxd6 28.
Qxe5 Qxe5 29. Rxe5 Raf8 30. Rfe1 Ng6 31. Re8 Bd3 32. Rxf8+ Rxf8 33. b3 Rf2 34.
a3 Bc2 35. Kg1 Rf6 36. Re3 a5 37. Be4 Bxe4 38. Rxe4 Rf3 39. Re3 Rxe3 40. Bxe3
Ne5 41. h4 gxh4 42. gxh4 Nf3+ 43. Kf2 Nxh4 44. Bxh6 Nf5 45. Bf4 Nd4 46. Bc7 b5
47. cxb5 Nxb5 48. d6 Nd4 49. d7 Ne6 50. d8=Q+ Nxd8 51. Bxd8 a4 52. b4 cxb4 53.
axb4 Kf7 54. Ke2 a3 55. Bb6 Ke6 56. Kd3 a2 57. Bd4 Kd5 58. Ba1 Kc6 59. Kc4 Kb6
60. Kb3 Kb5 61. Bc3 1-0

[Event "?"]
[Site "?"]
[Date "2011.07.09"]
[Round "1.7"]
[White "Indinger, Alexander"]
[Black "Dümmke, Jens"]
[Result "1/2-1/2"]
[WhiteElo "1833"]
[BlackElo "1606"]
[PlyCount "39"]
[EventDate "2011.??.??"]
[WhiteTeam "Bille SC von 1924 e.V."]
[BlackTeam "Ahrensburger TSV"]

1. e4 d5 2. exd5 Nf6 3. d4 Nxd5 4. c4 Nb6 5. Nc3 g6 6. Nf3 Bg7 7. h3 O-O 8. Be2
Nc6 9. Be3 e5 10. dxe5 Nxe5 11. Nxe5 Bxe5 12. O-O Be6 13. c5 Nc4 14. Bxc4 Bxc4
15. Re1 Bxc3 16. bxc3 Qxd1 17. Raxd1 f5 18. Rd7 Rf7 19. Red1 Be6 20. Rxf7
1/2-1/2

[Event "?"]
[Site "?"]
[Date "2011.07.09"]
[Round "1.9"]
[White "Fria, Leandro"]
[Black "Rosenburg, Thies"]
[Result "1-0"]
[WhiteElo "1830"]
[BlackElo "1575"]
[PlyCount "33"]
[EventDate "2011.??.??"]
[WhiteTeam "Stader SV"]
[BlackTeam "SF Burg von 1966"]

1. d4 Nf6 2. e3 d5 3. Bd3 c6 4. f4 e6 5. Nd2 Be7 6. Ngf3 O-O 7. O-O Nbd7 8. Ne5
c5 9. c3 Nxe5 10. fxe5 Nd7 11. Qh5 f5 12. exf6 Nxf6 13. Rxf6 Rxf6 14. Bxh7+ Kf8
15. Bg6 Bd6 16. Qh8+ Ke7 17. Qxg7+ 1-0

[Event "?"]
[Site "?"]
[Date "2011.07.09"]
[Round "1.10"]
[White "Andris, Georg"]
[Black "Cassens, Erhard Otto"]
[Result "0-1"]
[WhiteElo "1568"]
[BlackElo "1830"]
[PlyCount "77"]
[EventDate "2011.??.??"]
[WhiteTeam "SG Glinde"]
[BlackTeam "SAbt SV Lurup Hamb. 1923"]

1. e4 e6 2. d4 d5 3. e5 b6 4. Nf3 Ba6 5. Bxa6 Nxa6 6. c3 Qd7 7. O-O h5 8. Be3
c5 9. a3 Nh6 10. Nbd2 Nf5 11. Rb1 Be7 12. Bg5 Bxg5 13. Nxg5 cxd4 14. cxd4 Nxd4
15. Ndf3 Nxf3+ 16. Qxf3 Qe7 17. h4 Nc5 18. b4 Nd7 19. Qg3 Rc8 20. Rbc1 O-O 21.
Qd3 g6 22. f4 Kg7 23. Nf3 Nb8 24. g3 Qb7 25. Qe3 Rc4 26. Rxc4 dxc4 27. Rd1 Nc6
28. b5 Ne7 29. Nd4 Nc8 30. Rc1 Qd5 31. a4 Qc5 32. Nc2 Qc7 33. Qf2 c3 34. Nb4
Qc4 35. Na2 Ne7 36. Qc2 Qd4+ 37. Kh2 Qd2+ 38. Qxd2 cxd2 39. Rd1 0-1

[Event "?"]
[Site "?"]
[Date "2011.07.09"]
[Round "1.11"]
[White "Haak, Werner"]
[Black "Becker, Roland"]
[Result "1/2-1/2"]
[WhiteElo "1806"]
[BlackElo "1568"]
[PlyCount "58"]
[EventDate "2011.??.??"]
[WhiteTeam "Hamburger SK von 1830 eV"]
[BlackTeam "SC Sottrum"]

1. e4 e5 2. Nf3 Nc6 3. d4 exd4 4. Nxd4 d6 5. Nc3 Be7 6. Bc4 Nxd4 7. Qxd4 Bf6 8.
Qd5 Bxc3+ 9. bxc3 Qe7 10. O-O Nf6 11. Qd3 O-O 12. Re1 Be6 13. Bb3 Rad8 14. Bg5
Rd7 15. c4 h6 16. Bd2 Ng4 17. Qg3 Qf6 18. Bc3 Qe7 19. Bd4 c5 20. Bc3 Nf6 21. f4
b5 22. f5 Bxc4 23. Bxc4 bxc4 24. Rad1 Nh5 25. Qf3 Nf6 26. Qf1 Nxe4 27. Qxc4 d5
28. Rxd5 Rxd5 29. Rxe4 Qd7 1/2-1/2

[Event "?"]
[Site "?"]
[Date "2011.07.09"]
[Round "1.12"]
[White "Eggert, Malte"]
[Black "Kähler, Arne"]
[Result "0-1"]
[WhiteElo "1565"]
[BlackElo "1804"]
[PlyCount "64"]
[EventDate "2011.??.??"]
[WhiteTeam "SC Diogenes eV"]
[BlackTeam "Elmshorner SC von 1896"]

1. e4 e5 2. Nf3 Bc5 3. Bb5 Nf6 4. d3 O-O 5. Nxe5 d5 6. Nd2 c6 7. Ba4 dxe4 8.
dxe4 Qd4 9. Nd3 Nxe4 10. O-O Bd6 11. Bb3 Nxd2 12. Bxd2 Qh4 13. g3 Qh3 14. Nf4
Bxf4 15. Bxf4 Bg4 16. f3 Be6 17. Re1 Bxb3 18. axb3 Nd7 19. Qe2 Nf6 20. Rad1 Nd5
21. Bd6 Rfd8 22. Rd4 h6 23. Rh4 Qd7 24. Be5 Re8 25. Qd2 Qf5 26. Rhe4 Qxf3 27.
Qd4 f5 28. Rh4 Rad8 29. Qxa7 Re7 30. c4 b6 31. Qa1 Ne3 32. Rxe3 Qxe3+ 0-1